| 000 | 00412nam a2200169Ia 4500 | ||
|---|---|---|---|
| 008 | 230516s2008 xx 000 0 und d | ||
| 041 | _aeng | ||
| 082 |
_a615.4 _bCAR |
||
| 100 | _aCARTER S. J. | ||
| 245 | _aDISPENSING FOR PHARMACEUTICAL STUDENTS | ||
| 260 |
_aNEW DELHI _bCBS PUBLICATION & DISTRIBUTORS _c2008 |
||
| 300 | _a759 | ||
| 365 | _h15 | ||
| 500 | _aPB | ||
| 520 | _aPH | ||
| 650 | _aPHARMACEUTICS | ||
| 999 |
_c384320 _d384320 |
||